Les Clips Youtubes les Plus Vus de Ces Artistes #3 - Statistiques

Statistiques générales
  • Ce quiz a été pris 10 fois
  • Le résultat moyen est 5 sur 25
Statistiques - réponses
Artist Songs % Correct
Beyonce Halo
67%
Girls Like You
44%
Single Ladies
44%
Animals
33%
Crazy In Love
33%
Fallin'
33%
Cold Heart
22%
Drunk in Love
22%
Girl on Fire
22%
I'm Still Standing
22%
Alicia Keys No One
22%
Pump It
22%
Maroon 5 Sugar
22%
Beautiful Liar
11%
I Gotta Feeling
11%
RITMO
11%
Elton John Sacrifice
11%
If I Ain't Got You
0%
Memories
0%
My Humps
0%
Nikita
0%
One More Night
0%
Tiny Dancer
0%
Un-thinkable
0%
Black Eyed Peas Where Is The Love?
0%
Aucun quiz correspondant
Distribution des résultats
% des personnes avec chaque résultat
Percentile par nombre de réponses
Votre historique - résultats
Vous n’avez pas pris ce quiz